| 000 | 00391nam a22001697a 4500 | ||
|---|---|---|---|
| 003 | NUST - PNEC | ||
| 005 | 20170116180838.0 | ||
| 008 | 150815b xxu||||| |||| 00| 0 eng d | ||
| 020 | _a0195846176 | ||
| 040 | _cLIBRARY | ||
| 082 | _a530 FOO | ||
| 100 |
_95195 _aFoo, S. T |
||
| 245 |
_aExploring physics _cS. T,Foo |
||
| 260 | _c c 1986 | ||
| 650 |
_95196 _aPhysics _x- |
||
| 942 |
_2ddc _cBK |
||
| 999 |
_c64323 _d64323 |
||